header

Tectonic geomorphology (Record no. 224726)

MARC details
000 -LEADER
fixed length control field 01352nam a2200361Ia 4500
082 04 - DEWEY DECIMAL CLASSIFICATION NUMBER
Classification number 551.41
100 1# - MAIN ENTRY--AUTHOR NAME
Personal name Burbank, Douglas West.
245 10 - TITLE STATEMENT
Title Tectonic geomorphology
250 ## - EDITION STATEMENT
Edition statement 2nd ed.
260 ## - PUBLICATION, DISTRIBUTION, ETC. (IMPRINT)
Place of publication Chichester, West Sussex ;
-- Hoboken, NJ :
Name of publisher J. Wiley & Sons,
Year of publication c2012.
300 ## - PHYSICAL DESCRIPTION
Number of Pages xiv, 454 p. :
Other physical details ill.
650 #0 - SUBJECT ADDED ENTRY--TOPICAL TERM
Topical Term Geomorphology.
Topical Term Geology, Structural.
700 1# - ADDED ENTRY--PERSONAL NAME
Personal name Anderson, Robert S.
Personal name Anderson, Robert S.
856 40 - ELECTRONIC LOCATION AND ACCESS
Uniform Resource Identifier http://site.ebrary.com/lib/rucke/Doc?id=10515871

No items available.

© 2026 Rongo University
Contact us: librarian | system librarian | Rongo university